000 00293nam a2200133 a 4500
005 20140414132049.0
008 110330s19uu xx 00 eng d
050 _aP
_bVER
245 _aVertebrates and invertebrates.
650 _a
999 _c114100
_d114100